000 00446nam a2200157 i 4500
001 99379
003 ES-MaACL
007 t|
008 050907s1980 sp ||||1| spa d
100 0 _aMartín Santos, Luis,
_d1921-1988
_977652
245 1 3 _aEl combate de Santa Casilda /
_cLuis Martín-Santos.
260 _aMadrid :
_bAkal,
_c1980.
300 _a100 p. ;
_c22 cm.
852 _aES-MaACL
_jL-6970
_bR.107691
999 _c99379
_d99379